00518nam a2200133Ia 4500008004100000100002300041245007900064245009500143260005300238260000900291300000800300650001500308856006100323170221s9999 xx 000 0 und d aMarina V. Simonova aConceptual Approaches to Forecast Recruitment Needs at the Regional Level  cMarina V. Simonova, Larisa A. Ilyukhina, Irina V. Bogatyreva, S. G. Vagin, K. S. Nikolaeva bInternational Review of Management and Marketing cJune a7:1 xMarketing. uhttp://www.econjournals.com/index.php/irmm/issue/view/83